000
00321nam a2200109Ia 4500
008
200302s9999 xx 000 0 und d
100
_a
Matthew Carmona and Others
245
_a
Public spaces urban spaces the dimensions of urban design 2nd ed
260
_b
Taylor and francis group Publishd
260
_c
2010
300
_a
394
999
_c
5946
_d
5946